| 000 | 00433nam a22001697a 4500 | ||
|---|---|---|---|
| 003 | MPLRDC | ||
| 005 | 20220104170600.0 | ||
| 008 | 210129b ||||| |||| 00| 0 eng d | ||
| 020 | _a981-243-595-6 | ||
| 082 | _a525.21 AHM | ||
| 100 | _aKAMARUL ZAMAN AHMAD | ||
| 245 |
_aSO YOU WANT TO GET A Ph.D. _c |
||
| 260 |
_a新加坡 _bTHOMSON LEARNING _c2003 |
||
| 300 | _b97 | ||
| 650 | _a高等教育--博士 | ||
| 942 |
_cBK _o525.21 AHM |
||
| 999 |
_c58021 _d58011 |
||